000 01049nam a2200217Ia 4500
003 Ost
005 20260507075044.0
008 260507s9999||||xx |||||||||||||| ||und||
020 _a9775969298
040 _cfsecg
041 _aara
082 _a341.2
100 _aحجازي، محمد حافظ
_eمؤلف
245 0 _aالمنظمات العامة (البناء-العمليات-النمط الإداري) /
_c محمد حافظ حجازي
260 _aالقاهرة:
_bمؤسسة طيبة للنشر,
_c2002
300 _a397 صفحة؛
_bإيضاحات ؛
_c24 سم
504 _aبلوغرافيا ص.381
520 _aالمنظمة، الدولة-مفاهيم أساسية، الدولة-الشكل والبناء، المنظمات العامة، التخطيط، التوجيه، الرقابة، البيروقراطية، الإصلاح الإداري، التنظيم-التمايز التنظيمي، التنظيم-التوزيع الرأسي للسلطة
653 _aالمنظمات الدولية
942 _cكتاب
999 _c42546
_d42546